| 000 | 00704 a2200193 4500 | ||
|---|---|---|---|
| 020 | _a0072294841 | ||
| 040 |
_aDLC _bDLC |
||
| 082 | 0 | 0 | _a512.9 |
| 100 | 1 | _aDugopolski, Mark. | |
| 245 | 1 | 0 |
_aIntermediate algebra _cMark Dugopolski. |
| 250 | _aEd. 3., Annotated instructor's ed. | ||
| 260 |
_aBoston : _bMcGraw Hill, _cc2000. |
||
| 300 |
_a1 v. (various pagings) : _bill. (some col.) ; _c26 cm. + _e1 computer optical disc (4 3/4 in.) |
||
| 500 | _aIncludes indexes. | ||
| 538 | _aSystem requirements for accompanying computer disc: Windows 95, 98 or NT. | ||
| 650 | 0 | _aAlgebra. | |
| 856 | 4 | 2 |
_3Publisher description _uhttp://www.loc.gov/catdir/description/mh041/00501860.html |
| 942 |
_cBK _k512.9 DUG _2ddc |
||
| 999 |
_c7474 _d7474 |
||